Συγκριτική αξιολόγηση δικτυακών περιβάλλοντων μάθησης = Evaluation of web-based learning environments : πτυχιακή εργασία

Αποθηκεύτηκε σε:
Λεπτομέρειες βιβλιογραφικής εγγραφής
Κύριος συγγραφέας: Γκανέτσου, Μαρία
Συγγραφή απο Οργανισμό/Αρχή: Πανεπιστήμιο Αιγαίου. Σχολή Κοινωνικών Επιστημών. Τμήμα Πολιτισμικής Τεχνολογίας και Επικοινωνίας
Άλλοι συγγραφείς: Καραγιαννίδης, Χαράλαμπος (Εισηγητής διατριβής)
Μορφή: Thesis Βιβλίο
Γλώσσα:Greek
Δημοσίευση: Μυτιλήνη : Πανεπιστήμιο Αιγαίου, Τμήμα Πολιτισμικής Τεχνολογίας και Επικοινωνίας, 2004
Θέματα:
Διαθέσιμο Online:http://hdl.handle.net/11610/10588
Ετικέτες: Προσθήκη ετικέτας
Δεν υπάρχουν, Καταχωρήστε ετικέτα πρώτοι!

MARC

LEADER 00000cam a2200000 i 4500
001 1/23676
008 060207s2004 gre d
035 |l 10082492 
040 |a GR-MY-UA  |b gre  |e aacr 
041 0 |a gre 
082 0 |a 371.3344678  |2 (22) 
100 1 |a Γκανέτσου, Μαρία. 
245 1 0 |a Συγκριτική αξιολόγηση δικτυακών περιβάλλοντων μάθησης =  |b Evaluation of web-based learning environments : πτυχιακή εργασία /  |c Μαρία Γκανέτσου ; υπεύθυνος καθηγητής Χαράλαμπος Καραγιαννίδης 
260 |a Μυτιλήνη :   |b Πανεπιστήμιο Αιγαίου, Τμήμα Πολιτισμικής Τεχνολογίας και Επικοινωνίας,   |c 2004 
300 |a 103 σ.;  |b πιν.;  |c 30 εκ. 
502 |a Πτυχιακή εργασία – Πανεπιστήμιο Αιγαίου, Λέσβος, 2004. 
504 |a Βιβλιογραφία: 101-103 
650 0 0 |a Educational Web sites  |x Evaluation. 
650 0 0 |a Internet in education. 
650 0 0 |a Dissertations, Academic  |z Greece. 
700 1 |a Καραγιαννίδης, Χαράλαμπος.  |4 ths 
710 2 |a Πανεπιστήμιο Αιγαίου.   |b Σχολή Κοινωνικών Επιστημών.   |b Τμήμα Πολιτισμικής Τεχνολογίας και Επικοινωνίας. 
852 |a INST  |b LESVOS  |c DIATR  |e 20060207  |h 17  |p 005100034374  |q 005100034374  |t DIE  |y 23 
852 |a INST  |b LESVOS  |c DIATR  |e 20060207  |h 18  |p 005100034412  |q 005100034412  |t DIE  |y 23 
856 |u http://hdl.handle.net/11610/10588 
901 |a BIBL1-2006-1 
909 |a Λ  |b 115545 
909 |a Λ  |b 115546 
924 |a ΓΚΑΝΕΤΣΟΥ  |b ΜΑΡΙΑ  |y ΛΕΣΒΟΣ  |z 2004-11 
970 |a ΜΑΡΙΝΑΤΟΥ  |b ΜΥΡΣΙΝΗ  |z 2006/02/07